Statistiche per Elenca la formazione - Quiz n°158

Clicka qui per fare il quiz!

Statistiche generali

  • Questo quiz è stato fatto 12 volte
  • Il punteggio medio è 10 su 11

Statistiche sulle risposte

RuoloNazioneCalciatore% Corretto
DifensoreGermaniaJoshua Kimmich
100%
PortiereGermaniaManuel Neuer
100%
AttaccantePoloniaRobert Lewandowski
100%
DifensoreCanadaAlphonso Davies
92%
DifensoreAustriaDavid Alaba
92%
AlaFranciaKingsley Coman
92%
TrequartistaGermaniaThomas Müller
92%
AlaGermaniaSerge Gnabry
83%
CentrocampistaSpagnaThiago
83%
DifensoreGermaniaJérôme Boateng
75%
CentrocampistaGermaniaLeon Goretzka
58%

Distribuzione punteggi

Percentile per numero di risposta

Percentuale di utenti per punteggio

I tuoi punteggi nel tempo

Non hai fatto questo quiz